000 00701nam a2200193 i 4500
001 39744
003 ES-MaACL
007 t|
008 030304s1984 sp ||||1| spa d
100 0 _aCanetti, Elias,
_d1905-1994
_934493
245 1 3 _aLa antorcha al oído
_b: historia de una vida 1921-1931 /
_cElías Canetti ; traducción del alemán por Juan J. del Solar B.
260 _aMadrid, etc. :
_bAlianza,
_c[1984]
300 _a367 p. ;
_c18 cm.
490 1 _aEl libro de bolsillo. Literatura ;
_v1027
700 1 _aSolar, Juan José del,
_d1946-
_9107098
830 0 3 _aEl libro de bolsillo.
_pLiteratura
_v1027
_9180913
852 _aES-MaACL
_jL-6664
_bR.107075
999 _c39744
_d39744